MUSIC AND SONG (Record no. 213987)

MARC details
000 -LEADER
fixed length control field 00479nam a22001577a 4500
008 - FIXED-LENGTH DATA ELEMENTS--GENERAL INFORMATION
fixed length control field 241126b |||||||| |||| 00| 0 eng d
020 ## - INTERNATIONAL STANDARD BOOK NUMBER
International Standard Book Number 9780194370554
050 ## - LIBRARY OF CONGRESS CALL NUMBER
Classification number PE 1128.A2 M868 1992
100 ## - MAIN ENTRY--PERSONAL NAME
Personal name MURPHEY TIM
245 ## - TITLE STATEMENT
Title MUSIC AND SONG
260 ## - PUBLICATION, DISTRIBUTION, ETC.
Place of publication, distribution, etc. NEWYORK
Name of publisher, distributor, etc. OXFORD UNIVERSITY PRESS
Date of publication, distribution, etc. 1992
300 ## - PHYSICAL DESCRIPTION
Extent X,151
650 ## - SUBJECT ADDED ENTRY
Topical term or geographic name entry element English language--Study and teaching--Foreign speakers. Music and language. Music in education.
942 ## - ADDED ENTRY ELEMENTS (KOHA)
Source of classification or shelving scheme Library of Congress Classification
Koha item type Long Loan Book
Holdings
Withdrawn status Lost status Source of classification or shelving scheme Damaged status Not for loan Collection Home library Current library Shelving location Date acquired Inventory number Total checkouts Full call number Barcode Date last seen Copy number Price effective from Koha item type
    Library of Congress Classification     Arts & Social Sciences Kisii University Library Kisii University Library On Display 11/26/2024 105575   PE 1128.A2M868 1992 000000017279 11/26/2024 C.3 11/26/2024 Long Loan Book
    Library of Congress Classification     Arts & Social Sciences Kisii University Library Kisii University Library On Display 11/26/2024 105574   PE 1128.A2M868 1992 000000017261 11/26/2024 C.2 11/26/2024 Long Loan Book
    Library of Congress Classification     Arts & Social Sciences Kisii University Library Kisii University Library On Display 11/26/2024 105573   PE 1128.A2M868 1992 000000017280 11/26/2024 C.1 11/26/2024 Long Loan Book